000 01388nam a22003374a 4500
001 ebr10026285
003 CaPaEBR
006 m u
007 cr cn|||||||||
008 011011s2001 dcu sb 001 0 eng
010 _z 2001006142
020 _z0815702590 (pbk. : alk. paper)
040 _aCaPaEBR
_cCaPaEBR
035 _a(OCoLC)228041189
050 1 4 _aHV530
_b.S25 2001eb
082 0 4 _a361.7/5/0973
_221
245 0 0 _aSacred places, civic purposes
_h[electronic resource] :
_bshould government help faith-based charity? /
_cE.J. Dionne and Ming Hsu Chen, editors.
260 _aWashington, D.C. :
_bBrookings Institution Press,
_cc2001.
300 _axvi, 354 p.
504 _aIncludes bibliographical references and index.
533 _aElectronic reproduction.
_bPalo Alto, Calif. :
_cebrary,
_d2013.
_nAvailable via World Wide Web.
_nAccess may be limited to ebrary affiliated libraries.
650 0 _aChurch charities
_zUnited States.
650 0 _aChurch charities
_xGovernment policy
_zUnited States.
650 0 _aGovernment aid
_zUnited States.
650 0 _aChurch and state
_zUnited States.
655 7 _aElectronic books.
_2local
700 1 _aDionne, E. J.
700 1 _aChen, Ming Hsu.
710 2 _aebrary, Inc.
856 4 0 _uhttp://site.ebrary.com/lib/rucke/Doc?id=10026285
_zAn electronic book accessible through the World Wide Web; click to view
999 _c8213
_d8213